000 00270nam a22001097a 4500
008 230620b xxu||||| |||| 00| 0 eng d
082 _a321.
_bLIN 1988
245 _aPrivatization
_bToward More Effective Government
260 _c1988
300 _aXV,278p
942 _2ddc
_cBK
999 _c1858
_d1858